Jiránek, Tomáš. Projevy hospodářského nacionalismu v obchodních a živnostenských komorách v Českých zemích 1850 - 1918. - Pardubice : Univerzita Pardubice. - 2004 [Rezension]
| Titel: | Jiránek, Tomáš. Projevy hospodářského nacionalismu v obchodních a živnostenských komorách v Českých zemích 1850 - 1918. - Pardubice : Univerzita Pardubice. - 2004 [Rezension] |
|---|---|
| Verfasser: | |
| In: |
Fontes Nissae, Band 5 (2004), Seite 304-307 alle Artikel anzeigen |
| Veröffentlicht: | 2004 |
| Format: | Aufsatz |
| Sprache: | Tschechisch |
X
alg: 39489498 001A $01999:12-11-16 001B $01999:03-08-21 $t21:05:54.000 001C $06050:14-11-16 $t07:18:44.000 001D $01999:12-11-16 001U $0utf8 001X $00 002@ $0Aox 003@ $0394894987 007A $0394894987 $aHEB 007T $0Herdc0040313m 010@ $acze 011@ $a2004 021A $aJiránek, Tomáš. Projevy hospodářského nacionalismu v obchodních a živnostenských komorách v Českých zemích 1850 - 1918. - Pardubice : Univerzita Pardubice. - 2004 [Rezension] 028A $aMelanová $dMiloslava 031A $d5 $h304-307 $j2004 039B $aIn $8--Abvc--. Fontes Nissae. - Liberec, 2000-. - ISSN 1213-5097 $x200400000050000696 $910697646X 039T $8--Aau--Jiránek, Tomáš [Tnu]. Projevy hospodářského nacionalismu v obchodních a živnostenských komorách v Českých zemích 1850 - 1918. - 1. vyd.. - Pardubice : Univerzita Pardubice, 2004. - 230 S.. - ISBN 80-7194-638-9 $9214056910 045F $a900.94371 $eDDC23BSB 045F/01 $a900 045F/03 $g4371 045T $a7,41 lok: 39489498 78 exp: 39489498 78 1 #EPN 201B/01 $026-11-17 $t03:50:57.000 201U/01 $0utf8 203@/01 $079119356X 208@/01 $a12-11-16 $be 209A/01 $a/ $f000 $x00 220C/01 $aTitelaufnehmer: rb;sk 220C/01 $aHerkunft: HI Marburg 244Z/01 $#Tschechien $#Tschechische Republik $#Tschechische Republik $#Tschechenland $#Tschechei Tschechien $#Česká Republika $#Czech Republic $#ČR $74303381-7 $8--Tg1--Tschechien $x01 $9086659812 244Z/01 $2Trx $#Böhmen $#Bohemia $#Czechy $8--Trx--Čechy $x02 $9391188941 244Z/01 $2Trx $#arvustused $#recenzijos $#Reviews $#recenziók $#recenzje $#recenzie $#recenze $8--Trx--Rezensionen $x03 $9391357441 247C/01 $82080>Marburg/Lahn, Herder-Institut, Forschungsbibliothek, Bibliographieportal $9336309341
| LEADER | 00000caa a22000002c 4500 | ||
|---|---|---|---|
| 001 | 394894987 | ||
| 003 | DE-603 | ||
| 005 | 20210803210554.0 | ||
| 007 | tu | ||
| 008 | 161112s2004 xx |||| | u00||u|cze c | ||
| 035 | |a (DE-599)HEB394894987 | ||
| 040 | |a DE-603 |b ger |c DE-603 |d DE-603 | ||
| 041 | |a cze | ||
| 082 | 0 | 4 | |8 1\u |a 900.94371 |q DE-101 |2 23/BSB |
| 084 | |a 7,41 |2 ssgn | ||
| 085 | |8 1\u |b 900 | ||
| 085 | |8 1\u |z 2 |s 4371 | ||
| 100 | 1 | |a Melanová, Miloslava | |
| 245 | 0 | 0 | |a Jiránek, Tomáš. Projevy hospodářského nacionalismu v obchodních a živnostenských komorách v Českých zemích 1850 - 1918. - Pardubice : Univerzita Pardubice. - 2004 [Rezension] |
| 264 | 0 | |c 2004 | |
| 773 | 0 | 8 | |i In |t Fontes Nissae |d Liberec, 2000- |x 1213-5097 |g Band 5 (2004), Seite 304-307 |w (DE-603)10697646X |w (DE-600)2087527-7 |
| 787 | 0 | 8 | |i Rezension von |a Jiránek, Tomáš |t Projevy hospodářského nacionalismu v obchodních a živnostenských komorách v Českých zemích 1850 - 1918 |b 1. vyd. |d Pardubice : Univerzita Pardubice, 2004 |h 230 S. |z 8071946389 |w (DE-603)214056910 |
| 924 | 0 | |9 2080 |a (DE-603)79119356X |b DE-2080 |c HES |d d |g / | |


